| 000 | 00846nam a22002657a 4500 | ||
|---|---|---|---|
| 001 | 6698 | ||
| 003 | FISKH | ||
| 005 | 20250826091750.0 | ||
| 008 | 250521b cb ||||| |||| 00| 0 eng d | ||
| 040 |
_aFISKH _beng _cFISKH _dFISKH |
||
| 050 | _aPZ7.H389 C | ||
| 082 | _a823.9 | ||
| 100 | _aHenkes, Kevin | ||
| 245 |
_aChester's way / _cby Kevin Henkes |
||
| 250 | _aFirst Scholastic printing, March 1991 | ||
| 260 | _aNew York : Scholastic, 1988. | ||
| 300 |
_a32 pages : _bcolor illustrations ; _c23 cm |
||
| 505 | _aN | ||
| 520 | _aChester and Wilson share the same exact way of doing things, until Lilly moves into the neighborhood and shows them that new ways can be just as good. | ||
| 521 | 8 |
_a570
_bLexile |
|
| 521 | 8 |
_aN
_bRaz-Plus |
|
| 650 |
_aAnimals _vAcceptance _xDifferences |
||
| 942 |
_2ddc _cBK _n0 |
||
| 999 |
_c6698 _d6698 |
||